| 000 | 00480nam a22001817a 4500 | ||
|---|---|---|---|
| 003 | CEME | ||
| 005 | 20210628205716.0 | ||
| 008 | 210316b xxu||||| |||| 00| 0 eng d | ||
| 020 | _a0-387-97494-6 | ||
| 040 | _c. | ||
| 082 | _a519.4 HAM | ||
| 100 |
_aHoffmann, Karl-Heinz Schumaker, Larry Hammerlin, Gunther _976761 |
||
| 245 | _aNumerical mathematics | ||
| 260 |
_aNEWYORK _bSPRINGER VERLAG _c1991 |
||
| 300 | _a422P | ||
| 650 |
_aNUMERICAL ANALYSIS _9103 |
||
| 942 |
_cBK _2ddc |
||
| 999 |
_c582097 _d582097 |
||